Most expensive football transfers - Centre-Backs - 2010-2011 Season - Statistics

General Stats
  • This quiz has been taken 14 times
  • The average score is 4 of 10
Answer Stats
Fee (M €) Nationality Left Joined Player % Correct
25,00 Brazil Benfica Chelsea David Luiz
100%
12,50 France FC Lorient Arsenal Laurent Koscielny
75%
15,50 Italy Bari Juventus Leonardo Bonucci
67%
22,00 Portugal FC Porto Zenti S-Pb Bruno Alves
42%
12,50 Germany Hamburger SV Manchester City Jérôme Boateng
42%
12,50 Denmark US Palermo VfL Wolfsburg Simon Kjær
42%
13,00 Italy Genoa Inter Andrea Ranocchia
25%
15,00 Ukraine Barcelona Shakhtar D. Dmytro Chygrynskyi
25%
9,50 Italy Genoa Rubin Kazan Salvatore Bocchetti
17%
10,00 Argentina Espanyol Spartak Moscow Nicolás Pareja
8%
No matching quizzes found
Score Distribution
Percent of People with Each Score
Percentile by Number Answered
Your Score History
You have not taken this quiz